000 01258 a2200253 4500
999 _c1972
_d1972
020 _a9780198077053
020 _a019807705X
050 0 0 _aHF5718. RAM 2012
100 1 _aRaman, Meenakshi.
245 1 0 _aBUSINESS COMMUNICATION /
_cMeenakshi Raman, Professor and Head, Department of Humanities and Management, BITS Pilani, KK Birla Goa Campus, Prakash Singh, Associate Professor and Area Chairman, Finance and Accounting, Indian Institute of Management, Lucknow.
250 _a2nd ed.
264 1 _aNew Delhi :
_bOXFORD UNIVERSITY PRESS,
_c2012.
300 _axvii, 650 pages :
_billustrations ;
500 _aIncludes bibliographical references and index.
504 _aIncludes bibliographical references and index.
650 0 _aBusiness communication.
650 0 _aCommunication in management.
700 1 _aSingh, Prakash,
_d1936-
856 4 2 _3Contributor biographical information
_uhttp://www.loc.gov/catdir/enhancements/fy1409/2012533725-b.html
856 4 2 _3Publisher description
_uhttp://www.loc.gov/catdir/enhancements/fy1409/2012533725-d.html
856 4 1 _3Table of contents only
_uhttp://www.loc.gov/catdir/enhancements/fy1409/2012533725-t.html
942 _2lcc
_cBK
_e2nd ed
_h5718
_iRAM
_kHF